01515nam a2200325Ia 450000500170000000800410001702000300005804100080008808200190009610000330011524501440014825000180029230000250031049000180033550000640035353400560041765000460047365000400051970000520055994200120061126400250062333600270064833700330067533800280070804000350073699900150077195201360078695201340092295201330105620220317001848.0170410s2008 s g 000 0 s  a9788481649024 (rústica) aspa04a150.1954bJ85a1 aJung, Carl Gustavd1875-196110aAcerca de la psicología de la religión occidental y de la religión orientalcC.G. Jung ; traducción de Rafael Fernández de Maruri a1a. edición a692 páginasc23 cm aObra completa aIncluye bibliografía, índice onomástico y de materias tZur psychologie westlicher und östlicher religion142LEMBaReligiónvAspectos psicológicos142LEMBaPsicología de la religión1 aFernández de Maruri, Rafaeletraductor978082 2ddccBK aMadridbTrottac2008 atextobtxt2rdacontent asin mediaciónbn2rdamedia avolumenbnc2rdacarrier aCO-BoRNBPbspaerdacCO-BoRNBP c8343d8343 00102ddc40708GENaMECASARIbMECASARIcGENd2024-11-10l0o150.1954 - J85ApBM0001066r2024-11-10 17:51:46tEj.1w2024-11-10yBK 00102ddc40708GENaMEMAPJGAbMEMAPJGAcGENd2025-07-11l0o150.1954 J85apMPJG00370r2025-07-11 16:22:31tEj.1w2025-07-11yBK 00102ddc40708GENaMELAJULIbMELAJULIcGENd2025-10-24l0o150.1954 J85apJUL00115r2025-10-24 16:24:55tEj.1w2025-10-24yBK